• 首页
  • 本馆介绍
  • 公告通知
  • 最新文献
  • 馆藏检索
  • 电子资源
  • 读者导购
  • 参考咨询
  • 我的图书馆
  • 登录
  • 详细信息显示
  • 放入我的书架
  • 预约/预借图书
  • 作者相关作品
  • 分类相关作品
  • 丛书相关作品
  • 出版社相关作品

书目信息

  • 表格格式
  • 工作单格式
  • 卡片格式
题名:
中老年简谱钢琴入门教程
    
 
作者: 陈中 编著
分册:  
出版信息: 长沙   湖南文艺出版社  2020
页数: 108页
开本: 30cm
丛书名:
单 册:
中图分类: J624.16
科图分类:
主题词: 钢琴--奏法--教材
电子资源:
ISBN: 978-7-5726-0040-1
000 00944nam0 2200229 450
001 2274763979
005 20220918204626.08
010    @a978-7-5726-0040-1@dCNY36.00
100    @a20210404d2020 em y0chiy50 ea
101 0  @achi
102    @aCN@b430000
105    @aag z 000yy
200 1  @a中老年简谱钢琴入门教程@9zhong lao nian jian pu gang qin ru men jiao cheng@dIntroductory piano coursebook in numbered musical notation for aged people@f陈中编著@zeng
210    @a长沙@c湖南文艺出版社@d2020
215    @a108页@c图@d30cm
330    @a本书内容包括:钢琴弹奏姿势、手型与触键,练习曲与乐曲,钢琴24个大小调音阶键盘位置与指法表,钢琴24个大小调琶音键盘位置与指法表,钢琴弹奏指法的名称及运用。
510 1  @aIntroductory piano coursebook in numbered musical notation for aged people@zeng
606 0  @a钢琴@x奏法@j教材
690    @aJ624.16@v5
701  0 @a陈中@9chen zhong@4编著
801  0 @aCN@b91MARC@c20210417
905    @aZUCC@dJ624.16@e15
    
    中老年简谱钢琴入门教程=Introductory piano coursebook in numbered musical notation for aged people/陈中编著.-长沙:湖南文艺出版社,2020
    108页:图;30cm
    
    
    ISBN 978-7-5726-0040-1:CNY36.00
    本书内容包括:钢琴弹奏姿势、手型与触键,练习曲与乐曲,钢琴24个大小调音阶键盘位置与指法表,钢琴24个大小调琶音键盘位置与指法表,钢琴弹奏指法的名称及运用。
●
相关链接 在五车中查询图书 在当当中查询图书 在豆瓣中查询图书


正题名:中老年简谱钢琴入门教程     索取号:J624.16/15         预约/预借

序号 登录号 条形码 馆藏地/架位号 状态 备注
1 2000898943   2000898943   第三书库/ [索取号:J624.16/15] 在馆    
2 2000898944   2000898944   第三书库/ [索取号:J624.16/15] 在馆    
3 2000898945   2000898945   第三书库/ [索取号:J624.16/15] 在馆    
山东省滨州职业学院图书馆 欢迎您!
大连网信软件有限公司© 版权所有